000 00543nam a2200181Ia 4500
008 090122s9999 xx 000 0 und d
082 _b13497
_a891.468
100 _aकदम
_bबाबा
245 _aऑरेंजज्युस
260 _bदिलीपराज
_c"5वीी, 2008"
300 _a90
501 _a4257-11/09/2008 दिलीपराज पुणे
600 _aकदम
630 _aऑरेंजज्युस
700 _aकदम
730 _aऑरेंजज्युस
942 _cBOOK
999 _c37574
_d37574